| 000 | 00894cam a2200253 a 4500 | ||
|---|---|---|---|
| 003 | AE-DuALZ | ||
| 008 | 060602s2018 au a g b 001 0beng d | ||
| 020 | _a9789774167898 | ||
| 020 | _a9774167899 | ||
| 040 |
_aAE-ALZAD _cAE-ALZAD |
||
| 041 | 0 |
_aeng _aara |
|
| 043 | _af-ua--- | ||
| 050 | 1 | 4 |
_aNA1585.F37 _bH37 2018 |
| 245 | 0 | 0 |
_aHassan Fathy : _ban architectural life / _cedited by Leïla El-Wakil. |
| 260 |
_aCairo : _bThe American University in Cairo Press, _c2018. |
||
| 300 |
_a411 p. : _bill. ; _c24 cm. |
||
| 504 | _aIncludes bibliographical references and index. | ||
| 546 | _aText in English and Arabic. | ||
| 590 | _aLB-AJLLC-9140 | ||
| 600 | 1 | 0 |
_aFathy, Hassan _xCriticism and interpretation. _911759 |
| 650 | 0 |
_aArchitecture _zEgypt _xHistory _y20th century. |
|
| 650 | 0 |
_aArchitecture _zEgypt _xHistory _y20th century _vDesigns and plans. |
|
| 700 | 1 |
_aالوكيل، ليلى. _919718 |
|
| 999 |
_c9468 _d9468 |
||